Statistics for Nordiska städer på kartan

Click here to take the quiz!

General Stats

  • This quiz has been taken 665 times
  • The average score is 10 of 12

Answers on the Map

Answers color-coded by a green-red scale on the quiz's map according to % correct below.
 

Answer Stats

Answer% Correct
Stockholm
96%
Göteborg
95%
Oslo
94%
Helsingfors
93%
Umeå
93%
Reykjavík
90%
Visby
89%
Köpenhamn
87%
Bergen
81%
Uleåborg
73%
Hammerfest
69%
Aalborg
66%

Score Distribution

Percentile by Number Answered

Percent of People with Each Score

Your Score History

You have not taken this quiz